|
|
|
|
| LEADER |
01038nam a2200253 a 4500 |
| 001 |
6009 |
| 003 |
BD-DhAAL |
| 008 |
100614r19951993 ii 00 eng d |
| 999 |
|
|
|c 8933
|d 8933
|
| 020 |
|
|
|a 0074620630
|
| 020 |
|
|
|a 0074515594
|
| 040 |
|
|
|a EQF
|c EQF
|d DB-DhAAL
|
| 082 |
0 |
0 |
|a 332
|2 23
|
| 100 |
1 |
|
|a Chandra, Prasanna.
|9 39925
|
| 245 |
0 |
0 |
|a Financial management :
|b theory and practice /
|c Prasanna Chandra.
|
| 260 |
|
|
|a New Delhi :
|b Tata McGraw-Hill,
|c 1995.
|
| 300 |
|
|
|a xiv, 936 p. :
|b ill. ;
|c 25 cm.
|
| 504 |
|
|
|a Includes bibliographical references and index.
|
| 541 |
1 |
|
|e 00006009
|
| 650 |
|
0 |
|a Finance.
|9 39926
|
| 852 |
4 |
|
|a Ayesha Abed Library
|j General Shelf.
|
| 942 |
0 |
0 |
|0 1
|2 ddc
|c BK
|
| 952 |
|
|
|0 0
|1 0
|2 ddc
|4 0
|6 658_150000000000000_CHA_1995
|7 0
|9 10945
|a BRACUL
|b BRACUL
|c GEN
|d 2010-06-14
|l 1
|m 8
|o 658.15 CHA
|p 3010006009
|r 2018-04-01
|s 2018-02-07
|t 1
|w 2010-06-14
|y BK
|
| 952 |
|
|
|0 0
|1 0
|2 ddc
|4 0
|6 658_150000000000000_CHA
|7 0
|9 18819
|a BRACUL
|b BRACUL
|c GEN
|d 2011-12-11
|g 500.00
|l 2
|m 11
|o 658.15 CHA
|p 3010002325
|r 2015-12-17
|s 2015-10-06
|t 2
|w 2011-12-11
|y BK
|